1084 1684 1344 1217 1134 1690 1716 1404 1960 1185 1663 1558 1407 1749 1056 1687 1537 1766 1345 1760 1030 1833 1133 1536 1157 1220 1279 1061 1170 1384 1839 1367 1441 1256 1115 1266 1466 1893 1335 1693 1150 1314 1691 1115 1185 1088 1570 1400 1589 1798 1672 1851 1162 1737 1171 1992 1343 1751 1681 1895 1366 1891 1439 1948 1947 1732 1810 1756 1326 1471 1923 1819 1768 1299 1436 1314 1177 1738 1495 1644 1431 1059 1959 1213 1307 1782 1145 1496 1170 1361 1990 1409 1880 1783 1833 1817 1802 1504 1691 BCNSPRNW ULIB Ver.6.0+V

เปลี่ยนเป็นภาษาไทย

Change to English
 แสดงรายละเอียดบรรณานุกรม
  กลับหน้าหลัก

Brief Record : Get Marc (ISO 2709) : E-mail record : QR code < ปิดหน้าต่าง
LEADER : 00000nam 2200000uu 4500
001    13399122734
003     ULIB
008    020711s2555 th a 000 0 tha d
020    9786162132209
050  4 DS520^bส834ซ
100    สุภฤกษ์ บุญทอง
245    ซัซะไดย...กัมพูชา/^cสุภฤกษ์ บุญทอง
250    พิมพ์ครั้งที่ 1
260    กรุงเทพฯ :^bสกายบุ๊กส์,^c2555
300    72 หน้า
440  0 ชุด ประชาคมอาเซียนฉบับการ์ตูน
650  7 อาเซียน^xเสริมความรู้
650  7 กัมพูชา
945    ^p119^l0^i20176
999    ^aทศพร เกษรทอง
รายการนี้ยังไม่มีแท็ก
คุณยังไม่ได้ล็อกอิน คุณสามารถมีกิจกรรมร่วมกับเว็บไซต์ได้ แต่ต้องล็อกอินก่อน ::
  ล็อกอิน

รายการสื่อสารสนเทศ

ลำดับที่ ประเภท เลขเรียก/บาร์โค้ด สถานที่ สถานะ
1. การศึกษาทั่วไป
การศึกษาทั่วไป
DS520 ส834ซ ฉ.1 
  Barcode: 20176
ห้องสมุดวิทยาเขตนครสวรรค์
►หนังสือทั่วไป:l:General Books
บนชั้น

รายการใกล้เคียง
    ผู้แต่ง [สุภฤกษ์ บุญทอง]

    หัวเรื่อง [กัมพูชา]

BibComment


ยังไม่เคยถูกคอมเมนท์

คอมเมนท์ทรัพยากรรายการนี้
  คอมเมนท์: ซัซะไดยกัมพูชา สุ..


 Copyright 2026. Bcnsprnw @Library